Spatial and temporal trends in short-chain chlorinated paraffins in lake Ontario sediments /
Zapisane w:
| Kolejni autorzy: | , , , , , |
|---|---|
| Format: | Artykuł |
| Język: | English |
| Hasła przedmiotowe: | |
| Etykiety: |
Dodaj etykietę
Nie ma etykietki, Dołącz pierwszą etykiete!
|
| Thư viện lưu trữ: | Thư viện Trường Đại học Đà Lạt |
|---|
| LEADER | 01038nam a2200349 4500 | ||
|---|---|---|---|
| 001 | DLU090094093 | ||
| 005 | ##20091201 | ||
| 040 | # | # | |a DLU |b eng |
| 041 | # | # | |a eng |
| 044 | # | # | |a us |
| 245 | # | # | |a Spatial and temporal trends in short-chain chlorinated paraffins in lake Ontario sediments / |c C. H. Marvin ... [et al.]. |
| 653 | # | # | |a Chlorocarbon |
| 653 | # | # | |a Lake sediments |
| 653 | # | # | |a Organic compounds |
| 653 | # | # | |a Pollution |
| 653 | # | # | |a Saturated aliphatic compounds |
| 700 | # | # | |a Braekevelt, E. |
| 700 | # | # | |a Marvin, C. H. |
| 700 | # | # | |a Muir, D. C. G. |
| 700 | # | # | |a Painter, S. |
| 700 | # | # | |a Stern, G. A. |
| 700 | # | # | |a Tomy, G. T. |
| 773 | # | # | |t Environmental Science & Technology |g Vol. 37, no. 20 (October 2003), p. 4561-4568 |
| 920 | # | # | |a Phòng Tạp chí -- Trung tâm Thông tin - Thư viện Trường Đại học Đà Lạt |
| 994 | # | # | |a DLU |
| 900 | # | # | |a True |
| 911 | # | # | |a Trương Bảo Trâm Anh |
| 925 | # | # | |a G |
| 926 | # | # | |a A |
| 927 | # | # | |a BB |
| 980 | # | # | |a Thư viện Trường Đại học Đà Lạt |